书目信息 |
| 题名: |
建设工程造价争议解决指引
|
|
| 作者: | 吴佐民 , 袁华之 主编 | |
| 分册: | ||
| 出版信息: | 北京 法律出版社 2024.10 |
|
| 页数: | 502页 | |
| 开本: | 26cm | |
| 丛书名: | 北仲争议解决新探索文库 | |
| 单 册: | ||
| 中图分类: | TU723.31 | |
| 科图分类: | ||
| 主题词: | 建筑造价管理--jian zhu zao jia guan li | |
| 电子资源: | ||
| ISBN: | 978-7-5197-8926-8 | |
| 000 | 02065nam 2200313 450 | |
| 001 | 89420 | |
| 005 | 20250814144558.85 | |
| 010 | @a978-7-5197-8926-8@dCNY128.00 | |
| 100 | @a20241122d2024 em y0chiy50 ea | |
| 101 | 0 | @achi |
| 102 | @aCN@b110000 | |
| 105 | @aa a 000yy | |
| 106 | @ar | |
| 200 | 1 | @a建设工程造价争议解决指引@Ajian she gong cheng zao jia zheng yi jie jue zhi yin@d= Guide to dispute resolution of construction cost construction cost dispute@f吴佐民, 袁华之主编@zeng |
| 210 | @a北京@c法律出版社@d2024.10 | |
| 215 | @a502页@c图@d26cm | |
| 225 | 2 | @a北仲争议解决新探索文库@Abei zhong zheng yi jie jue xin tan suo wen ku |
| 300 | @a法商·建设工程 | |
| 314 | @a吴佐民, 享受国务院政府特殊津贴、教授级高级工程师, 北京市建设工程招标投标和造价管理协会会长, 教育部高等学校工程管理和工程造价专业教学指导分委员会委员, 住建部高等教育工程管理专业评估委员会副主任, 住建部标准定额司工程计价专家委员会副主任, 中国建设工程造价管理协会原秘书长、专家委员会常务副主任, 中国仲裁法学研究会建筑工程专委会专家委员。袁华之, 北京大成律师事务所主任/董事局主席, 中华全国律师协会建设工程与房地产专业委员会主任, 北京市律师协会副会长, 房地产、建设工程、PPP、矿产资源、土地法律专家。现任住房和城乡建设部、自然资源部法律顾问, 中国建设工程造价管理协会专家委员会副主任。 | |
| 320 | @a有书目 (第493-494页) | |
| 330 | @a本书从工程造价争议解决现状延伸开来, 全面介绍了工程造价管理、工程发承包管理制度及工程造价管理体系, 并以时间为线索, 梳理工程结算编制、工程结算审核、工程造价鉴定等不同环节的核心要点, 同时结合案例, 深入浅出地分析了特殊情形下的费用争议处理方式。此外, 本书还围绕工程造价鉴定意见与质证这两个话题, 考察国外的专家证人制度, 探索可行于国内的对工程造价鉴定意见进行质证的优化路径。 | |
| 410 | 0 | @12001 @a北仲争议解决新探索文库 |
| 510 | 1 | @aGuide to dispute resolution of construction cost construction cost dispute@zeng |
| 606 | 0 | @a建筑造价管理@Ajian zhu zao jia guan li |
| 690 | @aTU723.31@v5 | |
| 701 | 0 | @a吴佐民@Awu zuo min@4主编 |
| 701 | 0 | @a袁华之@Ayuan hua zhi@4主编 |
| 801 | 0 | @aCN@c20250909 |
| 905 | @a河南城建学院图书馆@dTU723.31@eW924@f1 | |
| 建设工程造价争议解决指引= Guide to dispute resolution of construction cost construction cost dispute/吴佐民, 袁华之主编.-北京:法律出版社,2024.10 |
| 502页:图;26cm.-(北仲争议解决新探索文库) |
| 法商·建设工程 |
| ISBN 978-7-5197-8926-8:CNY128.00 |
| 本书从工程造价争议解决现状延伸开来, 全面介绍了工程造价管理、工程发承包管理制度及工程造价管理体系, 并以时间为线索, 梳理工程结算编制、工程结算审核、工程造价鉴定等不同环节的核心要点, 同时结合案例, 深入浅出地分析了特殊情形下的费用争议处理方式。此外, 本书还围绕工程造价鉴定意见与质证这两个话题, 考察国外的专家证人制度, 探索可行于国内的对工程造价鉴定意见进行质证的优化路径。 |
| ● |
| 相关链接 |
|
|
|
正题名:建设工程造价争议解决指引
索取号:TU723.31/W924
 
预约/预借
| 序号 | 登录号 | 条形码 | 馆藏地/架位号 | 状态 | 备注 |
| 1 | 1623382 | 216233822 | 建筑库201/201建筑库 106排1列6层/ [索取号:TU723.31/W924] | 在馆 |